[Event "Moscow Botvinnik Memorial Cup"]
[Site "Moscow"]
[Date "2024.09.06"]
[Round "5.10"]
[White "Bayramgeldyev, Yusup"]
[Black "Shavkatov, Lazizbek"]
[Result "1/2-1/2"]
[WhiteElo "2103"]
[BlackElo "1846"]
[PlyCount "100"]
[EventDate "2024.09.04"]
[EventType "team-tourn"]
[EventRounds "9"]
[EventCountry "RUS"]
[SourceTitle "EXT 2025"]
[Source "ChessBase"]
[SourceDate "2024.10.14"]
[SourceVersion "1"]
[SourceVersionDate "2024.10.14"]
[SourceQuality "1"]
[WhiteTeam "Turkmenistan"]
[BlackTeam "Uzbekistan"]
[WhiteTeamCountry "TKM"]
[BlackTeamCountry "UZB"]

1. d4 d5 2. c4 c6 3. Nf3 Nf6 4. Nc3 e6 5. e3 Nbd7 6. Bd3 Be7 7. 0-0 0-0 8. b3 b6 9. Bb2 Bb7 10. Qe2 Rc8 11. Rfd1 Qc7 12. Rac1 Qb8 13. a3 Bd6 14. cxd5 exd5 15. Bf5 Rce8 16. Qc2 g6 17. Bd3 Nh5 18. b4 f5 19. b5 Ndf6 20. bxc6 Bxc6 21. Nb5 Bxb5 22. Bxb5 Rc8 23. Qb3 Rfd8 24. h3 Kg7 25. Ne5 Rxc1 26. Rxc1 Rc8 27. Rc6 f4 28. e4 dxe4 29. Qf7+ Kh6 30. Ng4+ Nxg4 31. hxg4 a6 32. gxh5 axb5 33. d5 Rxc6 34. Qg7+ Kxh5 35. Qxh7+ Kg5 36. dxc6 Qc7 37. Bg7 Qxc6 38. Bh6+ Kf6 39. Qg7+ Ke6 40. Qxg6+ Kd7 41. Qf7+ Kc8 42. Bxf4 Bxa3 43. g4 Bc1 44. Qf5+ Kb7 45. g5 Bxf4 46. Qxf4 Qe6 47. Qg3 Kc6 48. g6 Kd7 49. g7 Qg8 50. Qe5 b4 1/2-1/2

[Event "Moscow Botvinnik Memorial Cup"]
[Site "Moscow"]
[Date "2024.09.06"]
[Round "4.14"]
[White "Shavkatov, Lazizbek"]
[Black "Nikitenko, Mihail"]
[Result "0-1"]
[WhiteElo "1846"]
[BlackElo "2529"]
[PlyCount "96"]
[EventDate "2024.09.04"]
[EventType "team-tourn"]
[EventRounds "9"]
[EventCountry "RUS"]
[SourceTitle "EXT 2025"]
[Source "ChessBase"]
[SourceDate "2024.10.14"]
[SourceVersion "1"]
[SourceVersionDate "2024.10.14"]
[SourceQuality "1"]
[WhiteTeam "Uzbekistan"]
[BlackTeam "Belarus"]
[WhiteTeamCountry "UZB"]
[BlackTeamCountry "BLR"]

1. e4 c5 2. Nf3 e6 3. d4 cxd4 4. Nxd4 a6 5. Bd3 Bc5 6. Nb3 Ba7 7. Qe2 Nc6 8. Be3 Nge7 9. Nc3 d6 10. f4 0-0 11. 0-0-0 b5 12. Bxa7 Rxa7 13. g4 b4 14. Na4 Bd7 15. e5 dxe5 16. fxe5 Nd5 17. Qe4 Qg5+ 18. Kb1 g6 19. Nac5 Qxe5 20. Nxd7 Rxd7 21. Qxe5 Nxe5 22. Bxa6 Nxg4 23. Rd4 Ne5 24. Re4 Ra7 25. Bb5 Nd7 26. Bxd7 Rxd7 27. Nc5 Ra7 28. Nd3 Rb8 29. Rf1 Kg7 30. Rfe1 Rb6 31. Rd4 f5 32. Nc5 Kf6 33. Red1 Rb5 34. Nb3 g5 35. R1d3 Rc7 36. Nc1 f4 37. Ne2 Rbc5 38. Rd2 Rc4 39. a3 bxa3 40. bxa3 Rxd4 41. Nxd4 e5 42. Nb5 Nc3+ 43. Nxc3 Rxc3 44. Kb2 Rc8 45. Rd7 f3 46. Rd2 e4 47. Rf2 g4 48. Kc1 e3 0-1